Os Campeões da Eurocopa - até 2012 - Statistics

Estatísticas Gerais
  • Esse quiz foi jogado 369 vezes
  • A pontuação média é 10 de 14
Estatísticas das Respostas
Ano Campeão % Correto
2012 Espanha
91%
2008 Espanha
88%
2004 Grécia
88%
2000 França
82%
1996 Alemanha
80%
1968 Itália
77%
1972 Alemanha
75%
1960 União Soviética
73%
1992 Dinamarca
72%
1988 Holanda
71%
1980 Alemanha
68%
1964 Espanha
68%
1984 França
68%
1976 Tchecoslováquia
41%
Nenhum quiz correspondente encontrado
Distribuição das Pontuações
Porcentagem de Pessoas com Cada Pontuação
Percentil de Números Respondidos
Sua Pontuação Histórica
Você não jogou esse quiz